Vladdo grafias: (Registro nro. 55561)
[ vista simple ]
| 000 -CABECERA | |
|---|---|
| Longitud fija campo de control | 00632nam a2200217Ii 4500 |
| 003 - IDENTIFICADOR DEL NUMERO DE CONTROL | |
| Identificador del número de control | CO-ViMGA |
| 008 - CODIGOS DE INFORMACION DE LONGITUD FIJA | |
| Códigos de información de longitud fija | 241108s9999||||xx |||||||||||||| ||und|| |
| 020 ## - NUMERO INTERNACIONAL NORMALIZADO PARA LIBROS | |
| Número Internacional Normalizado para Libros (ISBN) | 9586145077 |
| 040 ## - FUENTE DE LA CATALOGACION | |
| Centro catalogador de origen | CO-ViMGA |
| Lengua de catalogación | spa |
| Normas de descripción | rda |
| Centro transcriptor | CO-ViMGA |
| 041 0# - CODIGO DE LENGUA | |
| Código de lengua del texto/banda sonora o título independiente | unk |
| 082 04 - NUMERO DE LA CLASIFICACION DECIMAL DEWEY | |
| Número de clasificación (R) | 741.59861 V51v |
| 100 1# - PUNTO DE ACCESO PRINCIPAL-NOMBRE DE PERSONA | |
| Nombre de persona | Vladdo |
| 245 10 - TITULO PROPIAMENTE DICHO | |
| Título | Vladdo grafias: |
| Resto del título | Diez años de caricaturas |
| 264 #1 - PRODUCCION, PUBLICACION , DISTRIBUCION, FABRICACION Y COPYRIGHT | |
| Lugar de producción, publicación, distribución, fabricación | [Lugar de publicación no identificado] : Planeta, 1996 |
| 300 ## - DESCRIPCION FISICA | |
| Extensión | volumen |
| 336 ## - TIPO DE CONTENIDO | |
| Término de tipo de contenido | text |
| Código de tipo de contenido | txt |
| Fuente | rdacontent |
| 337 ## - TIPO DE MEDIO | |
| Nombre del tipo de medio | unmediated |
| Código del tipo de medio | n |
| Fuente | rdamedia |
| 338 ## - TIPO DE SOPORTE | |
| Nombre del tipo de soporte | volume |
| Código del tipo de soporte | nc |
| Fuente | rdacarrier |
| 940 ## - | |
| T&íacute;tulo uniforme | <a href="idficha_siabuc: 8976. -- ficha_no_siabuc:9180">idficha_siabuc: 8976. -- ficha_no_siabuc:9180</a> |
| Perdido | Estado Físico | No para préstamo | Forma de adquisición | Localización permanente | Localización actual | Localización en estanterías | Fecha adquisición | Préstamos totales | Signatura completa | Código de barras | Fecha última consulta | Fecha último préstamo | Número de copia | Fecha del precio de reemplazo | Tipo de item de Koha | Note pública |
|---|---|---|---|---|---|---|---|---|---|---|---|---|---|---|---|---|
| Sala General | Biblioteca Pública Departamental Eduardo Carranza - Villavicencio | Biblioteca Pública Departamental Eduardo Carranza - Villavicencio | General | 11/27/2006 | 1 | 741.59861 V51v | ECA9640 | 11/04/2025 | 09/22/2025 | Ej.1 | 11/26/2024 | LIbro | 8976 | 12468 |